000 00408nam a2200169Ia 4500
005 20250423095258.0
008 250422s9999 xx 000 0 und d
020 _a9789789996568
050 _aHF 5549 .S56/
100 _aSimeon Adeyemi
245 0 _aEssentials of human resource management
260 _aNigeria
260 _c2022
300 _a231 p
650 _aPersonnel management.
942 _cBK
999 _c29787
_d29787